Good English how to write it. (Record no. 543479)
[ view plain ]
| 000 -LEADER | |
|---|---|
| fixed length control field | 00541cam a22001691 4500 |
| 082 ## - DEWEY DECIMAL CLASSIFICATION NUMBER | |
| Classification number | 421.5 |
| Author Mark | VAL |
| -- | L-29, 106,p |
| 100 1# - MAIN ENTRY--PERSONAL NAME | |
| Personal name | Vallings, G.H. |
| 9 (RLIN) | 38853 |
| 245 12 - TITLE STATEMENT | |
| Title | Good English how to write it. |
| Statement of responsibility, etc. | Vallings, G.H. |
| 260 ## - PUBLICATION, DISTRIBUTION, ETC. | |
| Place of publication, distribution, etc. | London, |
| Name of publisher, distributor, etc. | Pan Book limited. |
| Date of publication, distribution, etc. | 1965.: |
| 300 ## - PHYSICAL DESCRIPTION | |
| Extent | xii p., 1 l., 256 p. |
| Dimensions | 21 cm. |
| 490 0# - SERIES STATEMENT | |
| Series statement | Rapid guides to good English |
| 526 ## - STUDY PROGRAM INFORMATION NOTE | |
| Program name | 0 |
| Interest level | 0 |
| Reading level | 0 |
| Title point value | 421_500000000000000_VAL |
| 526 ## - STUDY PROGRAM INFORMATION NOTE | |
| Program name | 0 |
| Interest level | 0 |
| Reading level | 0 |
| Title point value | 421_500000000000000_VAL |
| 650 #0 - SUBJECT ADDED ENTRY--TOPICAL TERM | |
| Topical term or geographic name entry element | English language |
| General subdivision | Pronunciation. |
| 9 (RLIN) | 38854 |
| 650 #0 - SUBJECT ADDED ENTRY--TOPICAL TERM | |
| Topical term or geographic name entry element | MCE |
| 9 (RLIN) | 379 |
| 942 ## - ADDED ENTRY ELEMENTS (KOHA) | |
| Source of classification or shelving scheme | |
| Koha item type | Book |
| Withdrawn status | Lost status | Source of classification or shelving scheme | Damaged status | Not for loan | Permanent Location | Current Location | Date acquired | Total Checkouts | Full call number | Barcode | Date last seen | Price effective from | Koha item type |
|---|---|---|---|---|---|---|---|---|---|---|---|---|---|
| Military College of Engineering (MCE) | Military College of Engineering (MCE) | 03/25/2014 | 421.5 VAL | MCE-2820/2 | 03/25/2014 | 03/14/2021 | Book | ||||||
| Military College of Engineering (MCE) | Military College of Engineering (MCE) | 03/27/2014 | 421.5 VAL | MCE-2820/3 | 03/27/2014 | 03/27/2014 | Book |
